000 00396nam a2200121 a 4500
008 120416s1987 xx |||||||||||||| || u
050 _aTS 741 Sto
100 _aStokes, Gordon
245 1 0 _aJewelry making
260 _c1987
350 _a0.00
995 _D0.00
_FCBU-MAIN LIBRARY (Kitwe)
_H1
_I2.50
_UAVAILABLE
_ZAnnex Low-Usage Collection
999 _c48465
_d48465